000 00705nam a22002417a 4500
003 UA-OsUOA
001 96629
007 ta
008 20130320b un ||||| |||| 00| 0 ukr d
100 _aТрипольський В. О.
090 _a321.7
_bТ67
942 _cBK
040 _aUA-OsUOA
_bukr
_cUA-OsUOA
_dUA-OsUOA
245 _aДемократія і влада
_bмонографія
300 _a176 с.
955 _a1
041 _aukr
080 _a321.7
020 _a966-611-026-1
260 _aК.
_bПарламентське
_c1999
650 7 _a321 Форми політичних організацій. Держави як політичні влади
_2UDC
999 _c382884
_d382884